Los problemas de la fundación costera. Un caso en el Reino de Chile: San Bartolomé de La Serena
Saved in:
| Hovedforfatter: | |
|---|---|
| Format: | Bog |
| Sprog: | spansk |
| Udgivet: |
Quillota, Chile
El Observador
1979
|
| Fag: | |
| Tags: |
Tilføj Tag
Ingen Tags, Vær først til at tagge denne postø!
|
MARC
| LEADER | 00000nam a2200000 a 4500 | ||
|---|---|---|---|
| 001 | UCO2572 | ||
| 003 | CL-VaPUC | ||
| 005 | 20231205172812.0 | ||
| 008 | 000608e19790000CL |||||||||||||||||spa|d | ||
| 999 | |c 289077 |d 289075 | ||
| 040 | |c Pontificia Universidad Católica de Valparaíso | ||
| 082 | 0 | 4 | |a 983.232 EST 1979 |2 21 |
| 100 | |a Estrada Turra, Baldomero |e autor |9 870293 | ||
| 245 | 1 | 4 | |a Los problemas de la fundación costera. Un caso en el Reino de Chile: |b San Bartolomé de La Serena |
| 260 | |a Quillota, Chile |b El Observador |c 1979 | ||
| 300 | |a 46 páginas | ||
| 583 | |a last modification |c 20000608 00:00:00 |k Rodrigo Vera | ||
| 650 | 0 | |a Ciudades |z LA SERENA |z CHILE |9 265474 | |
| 650 | 0 | |a Historia |z LA SERENA |9 255047 | |
| 650 | 0 | |a Fundación de ciudades |z LA SERENA |9 396125 | |
| 852 | |a BIBCUR | ||
| 942 | |c BK |2 ddc | ||
| 945 | |d 20000608 00:00:00 |a crobeson | ||
| 952 | |0 0 |1 0 |2 ddc |4 0 |6 983_232000000000000_EST_1979 |7 0 |8 A |9 337217 |a BIBHIS |b BIBHIS |d 2019-11-20 |i 129279K |o 983.232 EST 1979 |p 129279K |r 2025-01-20 |t 1 |w 2019-11-20 |y BK |k HIS | ||